LEADER 01538nam 2200457 450 001 9910270880803321 010 $a1-119-31798-3 010 $a1-119-31795-9 010 $a1-119-31791-6 035 $a(CKB)4330000000010218 035 $a(MiAaPQ)EBC5317465 035 $a(EXLCZ)994330000000010218 100 $a20180327h20182018 uy 0 101 0 $aeng 135 $aurcnu|||||||| 181 $2rdacontent 182 $2rdamedia 183 $2rdacarrier 200 00$aSurgical critical care and emergency surgery $eclinical questions and answers /$fedited by Forrest "Dell" Moore, Peter Rhee, Gerard J. Fulda 205 $aSecond edition. 210 1$aHoboken, New Jersey :$cWiley Blackwell,$d2018. 210 4$dİ2018 215 $a1 online resource (535 pages, 8 unnumbered pages of plates) $ccolor illustrations, photographs 311 $a1-119-31792-4 320 $aIncludes bibliographical references at the end of each chapters and index. 606 $aSurgical emergencies$vExaminations, questions, etc 606 $aCritical care medicine$vExaminations, questions, etc 608 $aElectronic books. 615 0$aSurgical emergencies 615 0$aCritical care medicine 676 $a617.026 702 $aMoore$b Forrest O. 702 $aRhee$b Peter$f1961- 702 $aFulda$b Gerard J. 801 0$bMiAaPQ 801 1$bMiAaPQ 801 2$bMiAaPQ 906 $aBOOK 912 $a9910270880803321 996 $aSurgical critical care and emergency surgery$9836091 997 $aUNINA